Participatory Politics (Record no. 19544)

MARC details
000 -LEADER
fixed length control field 00457nam a2200133Ia 4500
008 - FIXED-LENGTH DATA ELEMENTS--GENERAL INFORMATION
fixed length control field 220616s9999||||xx |||||||||||||| ||und||
020 ## - INTERNATIONAL STANDARD BOOK NUMBER
International Standard Book Number 9780260000000
100 ## - MAIN ENTRY--PERSONAL NAME
Personal name Soep, Elisabeth
245 #0 - TITLE STATEMENT
Title Participatory Politics
Remainder of title Next-Generation Tactics to Remake Public Spheres
546 ## - LANGUAGE NOTE
Language note English[eng]
650 ## - SUBJECT ADDED ENTRY--TOPICAL TERM
Topical term or geographic name entry element Impact of science and technology on society||Philosophy and theory of education
856 ## - ELECTRONIC LOCATION AND ACCESS
Uniform Resource Identifier <a href="http://mitpress.mit.edu/9780262525770">http://mitpress.mit.edu/9780262525770</a>
942 ## - ADDED ENTRY ELEMENTS (KOHA)
Koha item type E-Books
Holdings
Withdrawn status Lost status Damaged status Not for loan Home library Current library Date acquired Total Checkouts Date last seen Price effective from Koha item type
        Kerala University of Digital Sciences, Innovation and Technology Knowledge Centre Kerala University of Digital Sciences, Innovation and Technology Knowledge Centre 16/06/2022   16/06/2022 16/06/2022 E-Books